| 000 | 03287nam a2200301Ia 4500 | ||
|---|---|---|---|
| 003 | OSt | ||
| 005 | 20211029153915.0 | ||
| 008 | 210310s2014 ck ad fr 000 0 spa d | ||
| 020 | _a9789586959988 | ||
| 040 |
_aCO-JMCR _cCO-JMCR |
||
| 041 | 0 | _aspa | |
| 082 | 0 | 4 |
_a338.9861 / _bA696c _223 |
| 100 | 1 |
_aArias, María Alejandra, _917997 _ecompiladora |
|
| 245 | 1 | 0 |
_aCostos económicos y sociales del conflicto en Colombia : _b¿Cómo construir un posconflicto sostenible? / _cMaría Alejandra Arias, Adriana Camacho, Ana María Ibáñez [y otros 2] compiladores |
| 250 | _aPrimera edición | ||
| 260 |
_aBogotá : _bUniversidad de los Andes, _c2014 |
||
| 300 |
_a268 páginas : _bilustraciones y gráficas a blanco y negro ; _c24 cm. |
||
| 500 | _aIncluye notas a pie de página. | ||
| 504 | _aBibliografía al final de cada capítulo. | ||
| 505 | 0 |
_tCaracterísticas del conflicto armado y sus efectos sobre la salida de firmas /
_rAdriana Camacho, Catherine Rodríguez, Román Andrés Zárate _tConflicto armado en Colombia y producción agrícola: ¿aprenden los pequeños productores a vivir en medio del conflicto? / _rMaría Alejandra Arias, Ana María Ibáñez _tHitos del conflicto y riesgo país / _rAndrés Castañeda, Juan F. Vargas _tConsecuencias de la aspersión aérea en la salud: evidencia desde el caso colombiano. / _rAdriana Camacho, Daniel Mejía _t¿Pueden la violencia y los trastornos mentales condenar a la población desplazada a una situación de pobreza crónica? / _rAndrés Moya _tCrecimiento económico, conflicto armado y crimen organizado, evidencia para Colombia / _rEdgar Villa, Jorge A. Restrepo, Manuel Moscoso _tEncuentro con los otros: perspectivas para la reconciliación en Colombia / _rAngelika Rettberg |
|
| 520 | 3 | _aEl conflicto armado en Colombia ha impuesto costos económicos y sociales sobre el país y la población por más de cinco décadas. Si bien durante los últimos años se han llevado a cabo estudios para cuantificar cómo afecta la economía, los esfuerzos han sido aislados y se han publicado en un lenguaje académico que restringe su di fusión y discusión. El propósito principal de este libro es estudiar los beneficios económicos y sociales que traería para el país el fin de la guerra. Para esto se centra en tres objetivos: el primero, proveer evidencia específica sobre los costos monetarios y no monetarios del conflicto en Colombia; el segundo, aportar ideas para un eventual proceso de posconflicto, y el tercero, trascender las audiencias académicas para proveer un análisis riguroso en un lenguaje sencillo. Los autores proponen que las discusiones en torno al proceso de paz deben partir de posiciones informadas y precisas. Aunque se deben tener en cuenta las altas inversiones que se requerirán para alcanzar un posconflicto sostenible, también se deben considerar los beneficios de largo plazo que recibirían los colombianos en un país en paz. | |
| 650 | 1 | 4 |
_aConflicto armado _917999 _xAspectos económicos _zColombia |
| 650 | 2 | 4 |
_aCrecimiento económico _zColombia _97354 |
| 650 | 2 | 4 |
_aCrimen organizado _xAspectos socioeconómicos _zColombia _913786 |
| 700 | 1 |
_aCamacho, Adriana, _ecompiladora _913787 |
|
| 700 | 1 |
_aIbáñez, Ana María, _ecompiladora _94301 |
|
| 942 |
_2ddc _cBK |
||
| 999 |
_c8689 _d8689 |
||